000 00566nam a2200181Ia 4500
003 GCL
008 140319s9999 xx 000 0 ara d
040 _aGCL /
_cGCL
082 0 4 _a819.9
_bع د
100 1 _aعباس محمود العقاد
245 1 0 _aديوان العقاد : اربعة اجزاء فى مجلد /
_cعباس محمود العقاد
300 _a362 ص
490 _a
650 0 4 _aالادب العربى
650 0 4 _aعباس محمود العقاد
650 0 4 _aالشعر العربى - دواوين وقصائد
942 _2ddc
_cBK
999 _c45899
_d45899